[Event "SLO-chT2 Ost"]
[Site "Slovenia"]
[Date "2021.10.02"]
[Round "7.2"]
[White "Glavac, Igor"]
[Black "Blazinc, Joze"]
[Result "1/2-1/2"]
[WhiteElo "1844"]
[BlackElo "1711"]
[PlyCount "65"]
[EventDate "2021.09.11"]
[EventType "team-tourn"]
[EventRounds "9"]
[EventCountry "SLO"]
[SourceTitle "EXT 2024"]
[Source "ChessBase"]
[SourceDate "2023.10.10"]
[SourceVersion "1"]
[SourceVersionDate "2023.10.10"]
[SourceQuality "1"]
[WhiteTeam "Milan Majcen Sevnica"]
[BlackTeam "Brezice"]
[WhiteTeamCountry "SLO"]
[BlackTeamCountry "SLO"]

1. d4 d5 2. Nf3 Nf6 3. g3 e6 4. Bg2 Be7 5. 0-0 Nbd7 6. b3 c5 7. Bb2 cxd4 8. Nxd4 Qc7 9. Nd2 b6 10. c4 Bb7 11. Nb5 Qd8 12. cxd5 exd5 13. Rc1 0-0 14. Qc2 Rc8 15. Qf5 Rxc1 16. Rxc1 Nc5 17. Be5 Bc8 18. Qc2 Qd7 19. Nd4 Ng4 20. N4f3 Nxe5 21. Nxe5 Qe6 22. Nef3 Bf6 23. e3 Qd6 24. Nd4 Ne6 25. Nf5 Qd7 26. Nf3 Bb7 27. N3d4 Rc8 28. Qd2 Nc5 29. Bf1 Ne4 30. Qe1 g6 31. Bb5 Qd6 32. Bf1 Qd8 33. Nb5 1/2-1/2

[Event "SLO-chT2 Ost"]
[Site "Slovenia"]
[Date "2021.09.18"]
[Round "3.4"]
[White "Trebeznik, Luka"]
[Black "Blazinc, Joze"]
[Result "1-0"]
[WhiteElo "1832"]
[BlackElo "1711"]
[PlyCount "91"]
[EventDate "2021.09.11"]
[EventType "team-tourn"]
[EventRounds "9"]
[EventCountry "SLO"]
[SourceTitle "EXT 2024"]
[Source "ChessBase"]
[SourceDate "2023.10.10"]
[SourceVersion "1"]
[SourceVersionDate "2023.10.10"]
[SourceQuality "1"]
[WhiteTeam "Trbovlje Rudar"]
[BlackTeam "Brezice"]
[WhiteTeamCountry "SLO"]
[BlackTeamCountry "SLO"]

1. d4 d5 2. Nf3 Nf6 3. c4 e6 4. g3 c6 5. Bg2 Nbd7 6. Nc3 dxc4 7. a4 Bb4 8. 0-0 Nd5 9. Qc2 Bxc3 10. bxc3 0-0 11. Ng5 N5f6 12. Rd1 h6 13. Nf3 Nd5 14. e4 N5f6 15. a5 b5 16. axb6 Nxb6 17. Ne5 Qc7 18. Qe2 c5 19. Ba3 cxd4 20. Bxf8 d3 21. Qe3 Kxf8 22. Qf4 Qc5 23. Rdb1 Bb7 24. Rb4 Ke7 25. Nxc4 g5 26. Qe3 Qxe3 27. Nxe3 Nfd7 28. e5 Bxg2 29. Kxg2 Rc8 30. Rxa7 Kf8 31. c4 Rc5 32. f4 Kg7 33. Kf3 h5 34. Kf2 Kg6 35. Ke1 h4 36. Kd2 f6 37. exf6 Kxf6 38. Kxd3 hxg3 39. hxg3 gxf4 40. gxf4 Rh5 41. Ke4 Nc5+ 42. Kd4 Nbd7 43. Ng4+ Kf5 44. Ne5 Rh7 45. Rb5 Rh4 46. Nxd7 1-0

[Event "Kozje op 3rd"]
[Site "Kozje"]
[Date "2016.09.09"]
[Round "1"]
[White "Blazinc, Joze"]
[Black "Klanjscek, Jaka"]
[Result "0-1"]
[WhiteElo "1766"]
[BlackElo "1500"]
[PlyCount "60"]
[EventDate "2016.09.09"]
[EventType "swiss"]
[EventRounds "5"]
[EventCountry "SLO"]
[SourceTitle "CBM 174 Extra"]
[Source "ChessBase"]
[SourceDate "2016.10.10"]
[SourceVersion "1"]
[SourceVersionDate "2016.10.10"]
[SourceQuality "1"]

1. c4 Nc6 2. Nc3 Nf6 3. g3 e5 4. Bg2 a6 5. e3 Bb4 6. Nge2 d6 7. Nd5 Bc5 8. d4 Ba7 9. h3 0-0 10. Ndc3 Re8 11. 0-0 Ne7 12. b3 Ng6 13. Bb2 c6 14. Kh2 e4 15. d5 c5 16. Qc2 Bf5 17. Rfe1 Bb6 18. Nf4 Ba5 19. Re2 Bxc3 20. Bxc3 Ne5 21. Rd2 g5 22. Ne2 g4 23. hxg4 Nfxg4+ 24. Kg1 Qg5 25. Bxe4 Qh5 26. Nf4 Qh2+ 27. Kf1 Nf3 28. Bxf3 Bxc2 29. Rxc2 Nxe3+ 30. fxe3 Qxc2 0-1

[Event "SLO-chT2 East"]
[Site "Slovenia"]
[Date "2015.11.21"]
[Round "9"]
[White "Blazinc, Joze"]
[Black "Suta, Tomaz"]
[Result "1/2-1/2"]
[WhiteElo "1787"]
[BlackElo "1673"]
[PlyCount "77"]
[EventDate "2015.09.05"]
[EventType "team-tourn"]
[EventRounds "9"]
[EventCountry "SLO"]
[SourceTitle "EXT 2019"]
[Source "ChessBase"]
[SourceDate "2018.10.10"]
[SourceVersion "1"]
[SourceVersionDate "2018.10.10"]
[SourceQuality "1"]
[WhiteTeam "Brezice"]
[BlackTeam "Ptuj II"]
[WhiteTeamCountry "SLO"]
[BlackTeamCountry "SLO"]

1. c4 Nf6 2. Nc3 g6 3. g3 Bg7 4. Bg2 0-0 5. d3 d6 6. e3 e5 7. Nge2 Nc6 8. Rb1 Ne7 9. b4 Nh5 10. 0-0 f5 11. Qb3 Kh8 12. Bd2 g5 13. f4 Ng6 14. Bf3 g4 15. Bg2 exf4 16. exf4 Nf6 17. Nd5 Nxd5 18. cxd5 Re8 19. Rfe1 Nf8 20. Bc3 Nd7 21. Bxg7+ Kxg7 22. Nd4 Nf6 23. Qc3 Rxe1+ 24. Rxe1 Bd7 25. Ne6+ Bxe6 26. dxe6 c6 27. e7 Qb6+ 28. Kf1 Kf7 29. Qc4+ d5 30. Qc3 Qc7 31. Re5 Qd7 32. b5 Re8 33. bxc6 bxc6 34. Qc5 Qc7 35. Kg1 Qd7 36. Kf1 Qc7 37. Kg1 Qd7 38. Kf1 Qc7 39. Kg1 1/2-1/2

[Event "SLO-chT2 East"]
[Site "Slovenia"]
[Date "2014.10.11"]
[Round "4"]
[White "Blazinc, Joze"]
[Black "Suta, Tomaz"]
[Result "0-1"]
[WhiteElo "1576"]
[BlackElo "1491"]
[PlyCount "53"]
[EventDate "2014.09.13"]
[EventType "team-tourn"]
[EventRounds "9"]
[EventCountry "SLO"]
[SourceTitle "EXT 2019"]
[Source "ChessBase"]
[SourceDate "2018.10.10"]
[SourceVersion "1"]
[SourceVersionDate "2018.10.10"]
[SourceQuality "1"]
[WhiteTeam "Brezice"]
[BlackTeam "Ptuj II"]
[WhiteTeamCountry "SLO"]
[BlackTeamCountry "SLO"]

1. c4 Nf6 2. Nc3 g6 3. g3 Bg7 4. Bg2 0-0 5. d3 e5 6. Rb1 d6 7. b4 Nfd7 8. e3 f5 9. Qb3 Kh8 10. Nge2 a5 11. a3 g5 12. f4 gxf4 13. exf4 Nc6 14. 0-0 h5 15. Nd5 Nf6 16. b5 Nd4 17. Qd1 h4 18. Bb2 hxg3 19. hxg3 Ng4 20. Qd2 Qe8 21. Bh3 Qh5 22. Bxg4 Qxg4 23. Bxd4 exd4 24. Kf2 c6 25. Rh1+ Kg8 26. Rh4 Qg6 27. Rbh1 0-1

[Event "SLO-chT2 East"]
[Site "Slovenia"]
[Date "2014.09.27"]
[Round "2"]
[White "Blazinc, Joze"]
[Black "Babic, Darko"]
[Result "1-0"]
[WhiteElo "1576"]
[BlackElo "1847"]
[PlyCount "137"]
[EventDate "2014.09.13"]
[EventType "team-tourn"]
[EventRounds "9"]
[EventCountry "SLO"]
[SourceTitle "EXT 2019"]
[Source "ChessBase"]
[SourceDate "2018.10.10"]
[SourceVersion "1"]
[SourceVersionDate "2018.10.10"]
[SourceQuality "1"]
[WhiteTeam "Brezice"]
[BlackTeam "Fram"]
[WhiteTeamCountry "SLO"]
[BlackTeamCountry "SLO"]

1. c4 g6 2. Nc3 Bg7 3. g3 Nf6 4. Bg2 0-0 5. Nf3 c5 6. 0-0 Nc6 7. d3 e6 8. Be3 d6 9. d4 Ng4 10. Bg5 Qb6 11. Na4 Qa6 12. dxc5 dxc5 13. Rc1 h6 14. Bd2 Nd4 15. b3 Qd6 16. h3 Nf6 17. Bf4 Qe7 18. Nxd4 Rd8 19. Nc6 bxc6 20. Qe1 Bb7 21. Qa5 Nh5 22. Be3 Bd4 23. Bxd4 cxd4 24. Nc5 Rab8 25. Rfd1 Ba8 26. Kh2 Nf6 27. f4 e5 28. fxe5 Qxe5 29. Nb7 Qxa5 30. Nxa5 c5 31. Nc6 Bxc6 32. Bxc6 Rbc8 33. Bf3 a5 34. Rd3 Re8 35. Kg2 Kg7 36. Kf2 Re7 37. e3 dxe3+ 38. Rxe3 Rd7 39. Rc2 Rcd8 40. Ke2 Rd4 41. Re7 R8d7 42. Re5 Rc7 43. Rd2 Rxd2+ 44. Kxd2 Kf8 45. Kc2 Nd7 46. Rd5 Ke7 47. Kc3 f6 48. a3 Nb6 49. Rd3 Rd7 50. Re3+ Kd6 51. Rd3+ Kc7 52. Re3 Kd6 53. Rd3+ Ke6 54. Re3+ Kf7 55. b4 axb4+ 56. axb4 Rd4 57. Be2 Rd7 58. bxc5 Nc8 59. Bf3 Rc7 60. Bd5+ Kg7 61. Kb4 Ne7 62. Kb5 Nf5 63. Rd3 Re7 64. g4 Ne3 65. c6 f5 66. gxf5 gxf5 67. Kb6 Re8 68. c7 Kf6 69. Kb7 1-0

[Event "SLO-chT2 East"]
[Site "Slovenia"]
[Date "2013.10.26"]
[Round "5"]
[White "Blazinc, Joze"]
[Black "Brinovec, David"]
[Result "0-1"]
[WhiteElo "1544"]
[BlackElo "1908"]
[PlyCount "41"]
[EventDate "2013.09.07"]
[EventType "team-tourn"]
[EventRounds "9"]
[EventCountry "SLO"]
[SourceTitle "EXT 2015"]
[Source "ChessBase"]
[SourceDate "2014.11.20"]
[SourceVersion "1"]
[SourceVersionDate "2014.11.20"]
[SourceQuality "1"]

1. e4 e5 2. Nf3 Nc6 3. d4 exd4 4. Bc4 Bb4+ 5. Bd2 Bxd2+ 6. Qxd2 Nge7 7. Nxd4 0-0 8. Nc3 d6 9. 0-0 Nxd4 10. Qxd4 Be6 11. Bb3 Qd7 12. f4 Nc6 13. Qf2 f5 14. Rae1 Bxb3 15. axb3 fxe4 16. Nxe4 Qf5 17. c3 Rae8 18. Ng3 Qb5 19. Kh1 h6 20. f5 Rxe1 21. Rxe1 0-1

[Event "SLO-chT2 Ost"]
[Site "Maribor"]
[Date "2009.11.14"]
[Round "9"]
[White "Vohl, Gregor"]
[Black "Blazinc, Joze"]
[Result "1-0"]
[WhiteElo "1751"]
[BlackElo "1500"]
[PlyCount "65"]
[EventDate "2009.05.30"]
[EventType "team-tourn"]
[EventRounds "9"]
[EventCountry "SLO"]
[SourceTitle "EXT 2022"]
[Source "ChessBase"]
[SourceDate "2021.10.06"]
[SourceVersion "1"]
[SourceVersionDate "2021.10.06"]
[SourceQuality "1"]

1. e4 c5 2. Nf3 d6 3. d4 cxd4 4. Nxd4 Nf6 5. Nc3 e6 6. Be3 Be7 7. f3 Qc7 8. Qd2 a6 9. g4 b5 10. g5 Nfd7 11. f4 Nc6 12. f5 Nxd4 13. Bxd4 b4 14. fxe6 fxe6 15. Ne2 0-0 16. Ng3 Rb8 17. h4 a5 18. Bd3 Nc5 19. Nh5 Nxd3+ 20. Qxd3 e5 21. Be3 a4 22. Ng3 Be6 23. Nf5 b3 24. axb3 axb3 25. c3 Ra8 26. Rd1 d5 27. Nxe7+ Qxe7 28. exd5 Bf5 29. Qc4 Bc2 30. Rc1 Qf7 31. Bc5 Rfc8 32. Rf1 Qc7 33. d6+ 1-0

[Event "SLO-chT2 East"]
[Site "Brezice Maribor"]
[Date "2008.11.15"]
[Round "9"]
[White "Blazinc, Joze"]
[Black "Skvorc, Ziga"]
[Result "0-1"]
[WhiteElo "1500"]
[BlackElo "1559"]
[PlyCount "102"]
[EventDate "2008.10.24"]
[EventType "team-tourn"]
[EventRounds "9"]
[EventCountry "SLO"]
[SourceTitle "EXT 2010"]
[Source "ChessBase"]
[SourceDate "2010.11.25"]
[SourceVersion "1"]
[SourceVersionDate "2010.11.25"]
[SourceQuality "1"]

1. e4 e5 2. Nf3 Nc6 3. Nc3 Nf6 4. g3 Bb4 5. d3 d6 6. Bg2 Bg4 7. a3 Ba5 8. b4 Bb6 9. Ne2 Nd4 10. Nfxd4 Bxd4 11. Rb1 Bc3+ 12. Bd2 Bxd2+ 13. Qxd2 b6 14. f3 Be6 15. 0-0 d5 16. Nc3 dxe4 17. Nxe4 Qd4+ 18. Kh1 Nxe4 19. fxe4 0-0-0 20. a4 h5 21. h4 Rhg8 22. a5 b5 23. Qf2 Qxf2 24. Rxf2 g5 25. Bf3 gxh4 26. gxh4 Rg3 27. Rbf1 Rh3+ 28. Rh2 Rg3 29. Rg2 Rxg2 30. Kxg2 Kd7 31. Kf2 Kd6 32. Rg1 c5 33. c3 c4 34. dxc4 Bxc4 35. Rg5 Be6 36. Rxh5 Rc8 37. Rg5 Rxc3 38. h5 Rc8 39. h6 Rh8 40. Rh5 f6 41. Kg3 Ke7 42. Kh4 Bf7 43. Bg4 Bxh5 44. Kxh5 Kf7 45. Bf5 Rd8 46. Bh7 Rd1 47. Bg6+ Kf8 48. Kg4 Rf1 49. Bf5 Kf7 50. Bd7 Rf4+ 51. Kh5 Rxe4 0-1